| 000 | 01273cam a22002891i 4500 | ||
|---|---|---|---|
| 003 | SA-RiAUC | ||
| 005 | 20250415065503.0 | ||
| 008 | 250415s2013 sy k g 00100cara c | ||
| 040 |
_aSA-RiAUC _bara _cSA-RiAUC _erda |
||
| 041 | 1 |
_aara _hund |
|
| 043 | _aa-su--- | ||
| 082 | 0 | 4 |
_a923.1 _qSA-RiAUC |
| 090 |
_a923.1 _bج ا ر |
||
| 100 | 1 |
_aجارشلي، إسماعيل حقي أوزون _eمؤلف. |
|
| 245 | 1 | 0 |
_aأمراء مكة المكرمة في العهد العثماني / _cإسماعيل حقي جارشلي ؛ ترجمة خليل علي مراد ؛ تحقيق وتقديم عارف أحمد عبد الغني. |
| 264 | 1 |
_aدمشق : _bدار العرب : _bدار نور حوران، _c2013 |
|
| 300 |
_a211 صفحة : _bأشكال ؛ _c24 سم |
||
| 336 |
_aنص _btxt _2rdacontent _3كتاب |
||
| 337 |
_aبدون وسيط _bn _2rdamedia |
||
| 338 |
_aمجلد _bnc _2rdacarrier |
||
| 500 | _aيشتمل على كشافات. | ||
| 651 | 7 |
_aمكة المكرمة _xملوك وحكام _yالحكم العثماني، 922-1214 هجري _vتراجم _2aucsh |
|
| 700 | 1 |
_aمراد، خليل علي، _d1950- _eمترجم. |
|
| 700 | 1 |
_aعبد الغني، عارف أحمد _eمحقق. |
|
| 942 |
_2ddc _cBOOK _n0 |
||
| 949 |
_aSA-JeALM _d250415 _umohamedma123 _n1 |
||
| 999 |
_c7052 _d7052 |
||